000 00492nam a22001817a 4500
001 00028640
005 20260325094024.0
008 260325b ag ||||| |||| 00| 0 spa d
020 _a9504395562
040 _bspa
_cAR-CcCEOS
080 _a159.94
090 _bREL
245 _aHay relación social :
_buna metáfora de la falta /
_cElsa Coriat ... [et.al]
260 _aArgentina :
_bGráfico,
_cc1998.
300 _a174 p. ;
_c20x15 cm.
650 0 _apsicoanálisis
942 _2udc
_cBK
999 _c28672
_d28672
945 _a66467
_bMelina Rolando
_c66467
_dMelina Rolando